00837nam a2200205 i 450000100060000000300090000600500170001500700030003200800410003510000400007624500970011626000690021330000330028249000510031560000310036683000590039785200320045699900170048895201260050519692ES-MaACL20230906152141.0t|021008s1962 sp ||||1| spa d1 aAboal Amaro, José Alberto,91810810aAmerigho Vespucci b: ensayo de bibliografía crítica / cpor José Alberto Aboal Amaro. aMadrid : bLibrería para bibliófilos, c1962 (fLanga y Cia) a149 p., 25 lám. ; c25 cm.1 aPublicaciones de la Biblioteca Colombina ; v304aVespucci, Amerigo.91142240 aPublicaciones de la Biblioteca Colombina ; v39226707 aES-MaACLjC-21867 bR.50677 c19692d19692 00104070aATENEOMbATENEOMcGaleríad2008-01-17eSCl0oC-21867p1020157r2023-02-23 00:00:00w2023-02-23yMONOGRAFIA